9.évfolyamos szakközépiskolai tanulók 1997. és 2001. között keletkezett év eleji felmérő dolgozatainak értékelése

Elmentve itt :
Bibliográfiai részletek
Szerző: Boros Irina
További közreműködők: Krisztin Német István (Témavezető)
Dokumentumtípus: Szakdolgozat
Megjelent: 2001
Tárgyszavak:
Online Access:http://diploma.bibl.u-szeged.hu/123742
LEADER 00684nta a2200181 i 4500
001 dipl123742
005 20220304183018.0
008 220304s2001 hu om 0|| hun d
040 |a SZTE Diploma Repozitórium  |b hun 
041 |a hun 
100 1 |a Boros Irina 
245 1 0 |a 9.évfolyamos szakközépiskolai tanulók 1997. és 2001. között keletkezett év eleji felmérő dolgozatainak értékelése  |h [elektronikus dokumentum] /  |c Irina Boros 
260 |c 2001 
650 4 |a Pedagógusképzés 
650 4 |a Natural sciences 
650 4 |a Mathematics 
700 2 |a Krisztin Német István  |e ths 
856 4 0 |u http://diploma.bibl.u-szeged.hu/id/eprint/123742/1/2001_boros_irina.pdf  |z Dokumentum-elérés